States with Legalized Racetrack Gambling - Statistics

General Stats
  • This quiz has been taken 27 times
  • The average score is 17 of 25
Answer Stats
State % Correct
New York
95%
Ohio
86%
Delaware
82%
Illinois
82%
Michigan
82%
Colorado
77%
Kentucky
77%
New Jersey
77%
Indiana
73%
Maryland
73%
Arkansas
68%
Florida
68%
Minnesota
68%
Virginia
68%
Iowa
64%
Louisiana
64%
New Mexico
64%
Oklahoma
64%
Pennsylvania
64%
West Virginia
64%
Rhode Island
59%
Maine
55%
Massachusetts
50%
North Dakota
50%
Wyoming
50%
No matching quizzes found
Score Distribution
Percent of People with Each Score
Percentile by Number Answered
Your Score History
You have not taken this quiz